Statistics for European Shape to Country Click Quiz

Click here to take the quiz!

General Stats

  • This quiz has been taken 793 times
  • The average score is 31 of 45

Answer Stats

HintAnswer% Correct
Italy
86%
Greece
85%
United Kingdom
85%
France
84%
Norway
84%
Spain
84%
Russia
83%
Austria
81%
Croatia
81%
Germany
80%
Iceland
80%
Portugal
80%
Ireland
79%
Ukraine
78%
Denmark
77%
Sweden
74%
Vatican City
74%
Bosnia and Herzegovina
73%
Netherlands
73%
Finland
72%
Albania
71%
Monaco
71%
Moldova
70%
Switzerland
70%
Serbia
69%
Malta
67%
Poland
67%
Czech Republic
65%
Kosovo
65%
Romania
64%
Hungary
62%
Bulgaria
60%
Latvia
60%
North Macedonia
60%
Belarus
59%
Estonia
59%
Belgium
57%
Slovakia
57%
Lithuania
55%
Liechtenstein
52%
Luxembourg
52%
Slovenia
52%
Montenegro
51%
Andorra
45%
San Marino
41%

Score Distribution

Percentile by Number Answered

Percent of People with Each Score

Your Score History

You have not taken this quiz